000 00308nam a2200121 a 4500
005 20140414093831.0
008 970109s19uu xx 00 eng d
050 _aVHS 400
_bOR 13
245 _aDisney's world of English. Vol. 11.
500 _aLibrary has the 12 volumes
942 _cAVM
999 _c108748
_d108748